Construcción de compiladores: principios y práctica
Збережено в:
| Автор: | |
|---|---|
| Формат: | Книга |
| Мова: | Іспанська |
| Опубліковано: |
Ciudad de México
Thomson
2004
|
| Редагування: | 1a. ed |
| Предмети: | |
| Теги: |
Додати тег
Немає тегів, Будьте першим, хто поставить тег для цього запису!
|
MARC
| LEADER | 00000cam a2200000 a 4500 | ||
|---|---|---|---|
| 001 | UCE5378 | ||
| 003 | CL-VaPUC | ||
| 008 | 141230e20040000mx |||||||||||||||||spa|d | ||
| 020 | |a 9706862994 | ||
| 082 | 0 | 4 | |a 005.453 |b LOU |2 21 |
| 100 | |a Louden, Kenneth C. |e autor |9 600003 | ||
| 245 | 1 | 0 | |a Construcción de compiladores: principios y práctica |
| 250 | |a 1a. ed | ||
| 300 | |a 582 p | ||
| 942 | |c BK | ||
| 945 | |d 20141230 16:04:00 |a arojas | ||
| 260 | |a Ciudad de México |b Thomson |c 2004 | ||
| 650 | 7 | |a COMPILADORES |2 CL-VaPUC |9 259529 | |
| 650 | 7 | |a PROGRAMAS PARA COMPUTADOR |2 CL-VaPUC |9 577967 | |
| 650 | 7 | |a SOPORTE LOGICO DE COMPUTADORES |2 CL-VaPUC |9 577968 | |
| 583 | |a last modification |c 20141230 16:04:00 |k Rodrigo Vera | ||
| 999 | |c 358113 |d 358111 | ||
| 952 | |0 0 |1 0 |3 erb |4 0 |6 005_453000000000000_LOU_2004 |7 0 |8 A |9 466508 |a BIBING |b BIBING |i 5131480 |o 005.453 LOU 2004 |p 5131480 |r 2025-01-20 |w 2019-11-23 |y BK |z Catalogado en:20141230 |k CCI | ||
| 952 | |0 0 |1 0 |3 erb |4 0 |6 005_453000000000000_LOU_2004 |7 0 |8 A |9 466509 |a BIBING |b BIBING |i 5131499 |o 005.453 LOU 2004 |p 5131499 |r 2025-01-20 |w 2019-11-23 |y BK |z Catalogado en:20141230 |k CCI | ||
| 952 | |0 0 |1 0 |3 erb |4 0 |6 005_453000000000000_LOU_2004 |7 0 |8 A |9 466510 |a BIBING |b BIBING |i 5131502 |l 1 |m 2 |o 005.453 LOU 2004 |p 5131502 |r 2025-04-14 |s 2025-03-24 |w 2019-11-23 |y BK |z Catalogado en:20141230 |k CCI | ||
| 952 | |0 0 |1 0 |3 erb |4 0 |6 005_453000000000000_LOU_2004 |7 0 |8 A |9 466511 |a BIBING |b BIBING |i 5131510 |o 005.453 LOU 2004 |p 5131510 |r 2025-01-20 |w 2019-11-23 |y BK |z Catalogado en:20141230 |k CCI | ||